| 000 | 00369nam a22001457a 4500 | ||
|---|---|---|---|
| 005 | 20241129140152.0 | ||
| 008 | 241129b |||||||| |||| 00| 0 eng d | ||
| 020 | _a9780567292803 | ||
| 050 |
_aBJ 1251 GIL _b1 |
||
| 100 | _aGil, Robin | ||
| 245 | _aA textbook of christian ethics | ||
| 260 |
_aLOndon _bT and T Clark _c1995c |
||
| 300 | _aviii,600p | ||
| 942 |
_2lcc _cBK _n0 |
||
| 999 |
_c1763 _d1763 |
||